00815nam a2200217 a 450000100100000000500170001000800410002702000150006804000250008308200150010810000260012324501290014926000420027830000210032050000310034150400300037270000290040270000360043195201130046799900170058000004396020201002045051.0140512s1997 sp a r 001 0 spa d a8420652520 aDO-SdBNPbspacBNPHU axxxxbxxxx1 aEdward Roberts97190310aDiccionario etimológico indoeuropeo de la lengua española /cEdward Roberts, Bárbara Pastor ; prólogo Camilo José. aMadrid :bAlianza Diccionario,c1997. a360 p. ;c25 cm. aSegunda reimpresión 1997 aBibliografía : p. 21-2312aPastor, Bárbara97190412aJosé, Camilo,epról.971905 001050718MOaGRbGRcHDd2014-05-12iLF1l0oxxxx xxxxp43960-10r2020-06-25w2020-06-25y1ZNo se presta c43449d43449